LDR 01064naa#a2200193#i#450# 001 RU\\bibl\121647 005 20260511102652.1 011 ## _a0536-101X 100 ## _a20251226b2025####ek#y0rusy0150####ca 101 0# _aRUS 102 ## _aRU 200 1# _aОбоснование принципа построения высокоширотной гиростанции _eЖурнальная статья 210 1# _aМосква _cФедеральное государственное бюджетное образовательное учреждение высшего образования "Московский государственный университет геодезии и картографии" _d2025 215 ## _a9 с. 608 ## _aЖурнальная статья _2local 675 ## _aИзмерения. Измерительные приборы. 52.08 _zRUS 686 ## _aПриборы для измерения механических величин. 59.31 _2grnti 700 #1 _aКаверин _gАлексей Павлович 856 4# _amiigaik.editorum.ru _u